réplique culte du Grinch - 1 - Statistiques

Statistiques générales
  • Ce quiz a été pris 36 fois
  • Le résultat moyen est 36 sur 104
Statistiques - réponses
Hint Réponse % Correct
à
69%
me
69%
de
65%
. Le
62%
le
62%
et
54%
il
54%
la
54%
j’ai
50%
mon
50%
Même
46%
moi
46%
une
46%
avec
42%
des
42%
les
42%
mais
42%
sur
42%
sûr
42%
dans
38%
diner
38%
est
38%
mettre
38%
pour
38%
que
38%
rien
38%
si
38%
ne
35%
sort
35%
16h
31%
17h
31%
agenda
31%
angoisse
31%
choux
31%
dépression
31%
du
31%
encore
31%
famine
31%
fois
31%
hors
31%
Ils
31%
ils
31%
j’annule
31%
plein
31%
question
31%
rendez-vous
31%
16h30
27%
18h30
27%
21h
27%
bien
27%
danse
27%
déjà
27%
donner
27%
l’idée
27%
personne
27%
temps
27%
trouver
27%
17h30
23%
19h30
23%
comment
23%
dégout
23%
dernière
23%
j’avais
23%
minute
23%
pleurnicher
23%
ventre
23%
Bon
19%
booké
19%
culot
19%
eux
19%
finir
19%
m’invitent
19%
moi-même
19%
préviennent
19%
vaincre
19%
voulu
19%
chez
15%
compter
15%
contre
15%
folie
15%
j’pourrais
15%
J’suis
15%
plonger
15%
repousser
15%
aller
12%
coucher
12%
gentiment
12%
lutter
12%
moutons
12%
Aucun quiz correspondant
Distribution des résultats
% des personnes avec chaque résultat
Percentile par nombre de réponses
Votre historique - résultats
Vous n’avez pas pris ce quiz